000 00562nam a22001817a 4500
003 UA-OsUOA
001 14095
007 ta
008 20030721b un ||||| |||| 00| 0 ukr d
100 _aБурченя В.
942 _cSA
040 _aUA-OsUOA
_cUA-OsUOA
_dUA-OsUOA
245 _aДо питання про "Волинську трагедію"
_b[На сесії Рівнен. обл. ради ]
300 _aС.6
955 _a0
773 0 _w0
_tОго
_dРівне
_d2003
_g№109/26 черв./
650 7 _aВолинська трагедія
_2UDC
999 _c300256
_d300256